[Event "St Petersburg Korchnoi Memorial op"]
[Site "St Petersburg"]
[Date "2024.08.19"]
[Round "5"]
[White "Popov, Mikhail Yu"]
[Black "Kudryavtsev, Ivan"]
[Result "0-1"]
[WhiteElo "1428"]
[BlackElo "1501"]
[PlyCount "128"]
[EventDate "2024.08.17"]
[EventType "swiss"]
[EventRounds "9"]
[EventCountry "RUS"]
[SourceTitle "EXT 2025"]
[Source "ChessBase"]
[SourceDate "2024.10.14"]
[SourceVersion "1"]
[SourceVersionDate "2024.10.14"]
[SourceQuality "1"]

1. d4 e6 2. c4 b6 3. Nc3 Bb7 4. Bf4 f5 5. e3 Nf6 6. Nf3 Be7 7. h3 d6 8. Be2 h6 9. Nd2 Nbd7 10. Bf3 Qc8 11. Bxb7 Qxb7 12. Qf3 Qxf3 13. gxf3 g5 14. Bg3 0-0-0 15. f4 Rdg8 16. 0-0-0 Nh5 17. Rdg1 Ndf6 18. Ne2 Rg7 19. Bh2 Rhg8 20. Rg2 gxf4 21. Rxg7 Rxg7 22. Nxf4 Nxf4 23. Bxf4 Nh5 24. Bxh6 Rg6 25. Bf4 Nxf4 26. exf4 Rh6 27. Kd1 Rh4 28. Nf3 Rxf4 29. Ke2 Re4+ 30. Kd3 Bh4 31. Nxh4 Rxh4 32. Ke3 Kd7 33. b3 Ke7 34. f4 Kf6 35. Kf3 c5 36. dxc5 bxc5 37. Kg3 Rh7 38. Rd1 Rd7 39. Rc1 e5 40. Rd1 e4 41. Rd5 a5 42. Kf2 Ke6 43. Rd1 Rg7 44. Re1 Rb7 45. Re2 a4 46. Re3 axb3 47. axb3 d5 48. cxd5+ Kxd5 49. Rg3 Kd4 50. Re3 Ra7 51. Rg3 Ra2+ 52. Ke1 e3 53. Rg8 Ke4 54. Rc8 Kf3 55. Rd8 Ra1+ 56. Rd1 Rxd1+ 57. Kxd1 Kxf4 58. Ke2 Ke4 59. h4 f4 60. h5 f3+ 61. Ke1 e2 62. Kf2 Kf5 63. b4 cxb4 64. Kxf3 e1Q 0-1

[Event "St Petersburg Korchnoi Memorial op"]
[Site "St Petersburg"]
[Date "2024.08.18"]
[Round "4"]
[White "Kudryavtsev, Ivan"]
[Black "Babeikin, Kiryl"]
[Result "0-1"]
[WhiteElo "1501"]
[BlackElo "1702"]
[PlyCount "64"]
[EventDate "2024.08.17"]
[EventType "swiss"]
[EventRounds "9"]
[EventCountry "RUS"]
[SourceTitle "CBM 221 Extra"]
[Source "ChessBase"]
[SourceDate "2024.09.30"]
[SourceVersion "1"]
[SourceVersionDate "2024.09.30"]
[SourceQuality "1"]

1. d4 d5 2. c4 c6 3. cxd5 cxd5 4. Nc3 Nf6 5. Nf3 Nc6 6. Bf4 Bf5 7. e3 e6 8. Bd3 Bg4 9. 0-0 Be7 10. Qb3 0-0 11. Qxb7 Nb4 12. Be2 Nh5 13. Qc7 Qxc7 14. Bxc7 Rfc8 15. Bg3 Nxg3 16. hxg3 Rab8 17. Rac1 h6 18. a3 Nc6 19. b4 a5 20. b5 Na7 21. a4 Ba3 22. Ne5 Bxc1 23. Rxc1 Bxe2 24. Nxe2 Rxc1+ 25. Nxc1 Nxb5 26. axb5 Rxb5 27. Kf1 a4 28. Ke1 a3 29. Nc6 Rb1 30. Kd2 Rb2+ 31. Kc3 Rxf2 32. Kb3 Rxg2 0-1

[Event "St Petersburg Korchnoi Memorial op"]
[Site "St Petersburg"]
[Date "2024.08.17"]
[Round "2"]
[White "Kudryavtsev, Ivan"]
[Black "Sereda, Polina"]
[Result "0-1"]
[WhiteElo "1501"]
[BlackElo "1732"]
[PlyCount "82"]
[EventDate "2024.08.17"]
[EventType "swiss"]
[EventRounds "9"]
[EventCountry "RUS"]
[SourceTitle "CBM 221 Extra"]
[Source "ChessBase"]
[SourceDate "2024.09.30"]
[SourceVersion "1"]
[SourceVersionDate "2024.09.30"]
[SourceQuality "1"]

1. d4 d5 2. Bf4 Nf6 3. e3 e6 4. c3 c5 5. Nf3 Nc6 6. Nbd2 Be7 7. Be2 a6 8. 0-0 Nh5 9. Ne5 Nxf4 10. exf4 cxd4 11. cxd4 Nxd4 12. Qa4+ Nc6 13. Nxc6 bxc6 14. Qxc6+ Bd7 15. Qb7 Rb8 16. Qxa6 Rxb2 17. Nf3 0-0 18. Ne5 Bc8 19. Qd3 Bc5 20. Qd1 Qa5 21. Nd3 Rd2 22. Qe1 Bd4 23. Rd1 Rxa2 24. Nb4 Rxe2 25. Qxe2 Qxb4 26. Rb1 Qd6 27. Qd2 Bf6 28. Rfc1 d4 29. Rb3 e5 30. fxe5 Bxe5 31. g3 Qd5 32. Rcb1 Bd7 33. f4 Bf6 34. Rb8 Qc5 35. Rc1 Qd6 36. Rb7 d3 37. Rbc7 Bd4+ 38. Kh1 Bf5 39. h4 Qg6 40. Kh2 Qg4 41. Qg2 d2 0-1

[Event "St Petersburg Korchnoi Memorial op"]
[Site "St Petersburg"]
[Date "2024.08.17"]
[Round "1"]
[White "Seleznev, Mikhail V"]
[Black "Kudryavtsev, Ivan"]
[Result "1-0"]
[WhiteElo "1876"]
[BlackElo "1501"]
[PlyCount "49"]
[EventDate "2024.08.17"]
[EventType "swiss"]
[EventRounds "9"]
[EventCountry "RUS"]
[SourceTitle "CBM 221 Extra"]
[Source "ChessBase"]
[SourceDate "2024.09.30"]
[SourceVersion "1"]
[SourceVersionDate "2024.09.30"]
[SourceQuality "1"]

1. e4 c6 2. d4 d5 3. e5 Bf5 4. h4 h5 5. Bd3 Bxd3 6. Qxd3 e6 7. Nf3 Be7 8. c4 dxc4 9. Qxc4 Qd5 10. Qe2 Bb4+ 11. Bd2 Bxd2+ 12. Nbxd2 Nd7 13. Ne4 Qa5+ 14. Kf1 Kf8 15. Nd6 Nh6 16. Nxb7 Qb6 17. Nd6 Rb8 18. b3 c5 19. Rd1 cxd4 20. Rxd4 Ng4 21. Nxf7 Rc8 22. Rxd7 Rc1+ 23. Ne1 Rg8 24. Nd6 Qa5 25. Rf7# 1-0